Ochrana fauny v ZSSR

Bibliographic Details
Main Author: Hoschek, Alexander (Author)
Format: Article
Language:Slovak
Subjects:

MARC

LEADER 00000nab a2200000 a 4500
001 vtls000166138
003 SK-MaSNL
005 20260304051305.0
008 250422c1983 xo 0 slo
015 |a SNBRB19rr/mm-uuuuu 
035 |a CL0176249 
035 |a urn:nbn:sk:snk-abbcx8 
035 |a (urnnbn)urn:nbn:sk:snk:ar-006eke 
035 |a (uuid)45cbfc6d-09c4-41e9-b560-0418ed6252a6 
040 |a SNKBUCL  |b slo  |c SNKBUCL  |e AACR2 
041 0 |a slo 
044 |a xo  |c SK 
080 |a 502.74(47)  |2 1981 
100 1 |a Hoschek, Alexander  |4 aut  |9 1002946 
245 1 0 |a Ochrana fauny v ZSSR  |c Alexander Hoschek 
650 0 7 |a fauna  |2 snkbucl  |9 3748 
655 7 |a články z novín a časopisov  |2 snkbucl  |9 267496 
773 0 |t Životné prostredie  |g Roč. 17, č. 5 (1983), s. 270-272 
850 |a Slovenská národná knižnica 
852 |a Slovenská národná knižnica 
954 |a odborná, vedecká literatúra pôvodná (slovenská)  |2 lita 
958 |a article15 
958 |a OND 
958 |a RK 
958 |a SU 
958 |a EUIPO 
992 |a RBX 
999 |c 2702829  |d 2704759